Un Peso - J Balvin, Bad Bunny, Marciano Cantero - Estadísticas

Estadísticas generales
  • Esta prueba ha sido intentada 74 veces
  • La puntuación promedio es 405 de 498
Estadísticas de respuestas
Letra % Correcto
a
100%
A
100%
amar?
100%
de
100%
De
100%
'e
100%
ha
100%
me
100%
Me
100%
¿Pa'
100%
pa'
100%
qué
100%
que
100%
qué?
100%
Que
100%
¿Qué
100%
Si
100%
si
100%
te
100%
Te
100%
tu
100%
100%
Tu
100%
vas
100%
y
100%
Y
100%
ya
100%
Ya
100%
adiós
95%
di
95%
El
95%
el
95%
en
95%
es
95%
Esta
95%
está
95%
No
95%
no
95%
se
95%
un
95%
despedí
90%
dije
90%
lo
90%
Lo
90%
más
90%
90%
mi
90%
nunca
90%
sabe
90%
ti
90%
besos
85%
estado
85%
la
85%
La
85%
peso
85%
por
85%
quiero
85%
rencor
85%
sin
85%
tus
85%
yo
85%
Yo
85%
Con
80%
con
80%
corazón
80%
fui
80%
hacer
80%
perdón
80%
perdón,
80%
saber
80%
Ahora
75%
borracha
75%
condones
75%
corazones
75%
lloré
75%
luna
75%
mal
75%
religioso,
75%
solo
75%
vale
75%
adoré
70%
amor,
70%
amor
70%
entones
70%
extraño
70%
hablar
70%
hacerlo
70%
hagas
70%
levanté
70%
lunar
70%
normal,
70%
normal
70%
par
70%
quería
70%
razón,
70%
viniste
70%
amaba,
65%
Cuando
65%
desayunar
65%
Estoy
65%
fue
65%
galones
65%
has
65%
jugar
65%
lugar
65%
Pero
65%
pero
65%
repito
65%
roto
65%
triste
65%
bonito
60%
caí
60%
cirugía
60%
días
60%
esos
60%
estaba
60%
extrañará,
60%
idiota
60%
ni
60%
olvidar
60%
olvidé
60%
otro
60%
razones
60%
seguro
60%
siento
60%
voy
60%
Vuelvo
60%
acabaron
55%
alma
55%
arrepentida
55%
Busca
55%
café
55%
extrañas
55%
hables
55%
han
55%
llenar
55%
llenas
55%
lloras,
55%
nadie
55%
perdonar,
55%
podrás
55%
Siempre
55%
tener
55%
Tranquila
55%
vacíos
55%
angular
50%
dolió
50%
mientras
50%
Pensando
50%
piedra
50%
sensibilidad
50%
atrás
45%
baby
45%
del
45%
enfría
45%
estética
45%
fuiste
45%
jodí,
45%
llegao'
45%
puedo
45%
venías,
45%
etapas
40%
falla
40%
papel
40%
Para
40%
pendejo
40%
tan
40%
algo
35%
despegó
35%
estamos
35%
Forrest
35%
Gump
35%
las
35%
parece
35%
poquito
35%
Porque
35%
Tratando
35%
Como
30%
diferenciar
30%
escrito
30%
estrellas
30%
mirar
30%
nave
30%
novia
30%
otras
30%
perdiste
30%
cambiar
25%
pared
25%
"rana"
25%
brinco
20%
cansó
20%
daba
20%
decías
20%
ser
20%
sola
20%
amores
15%
Aprendes
15%
Otros
15%
reloj
15%
Dice
10%
hay
10%
imaginabas
10%
también
10%
ayer
5%
existía
5%
nuestro
5%
Recuerda
5%
terminó
0%
No se encontraron pruebas coincidentes
Distribución de puntuación
Porcentaje de gente con cada puntuación
Porcentaje por número respondido
Historial de tus puntuaciones
No has intentado esta prueba.